| 000 | 00680nam a22001817a 4500 | ||
|---|---|---|---|
| 003 | UA-OsUOA | ||
| 001 | 14612 | ||
| 007 | ta | ||
| 008 | 20031012b un ||||| |||| 00| 0 ukr d | ||
| 100 | _aСупрунюк В. | ||
| 942 | _cSA | ||
| 040 |
_aUA-OsUOA _cUA-OsUOA _dUA-OsUOA |
||
| 245 |
_aКопійка до копійки - ділу підмога: [Розмова з селищним головою Володимирця В.Супрунюком] _cВ. Супрунюк; Розмовляв І.Кидрук |
||
| 300 | _aС.2 | ||
| 955 | _a0 | ||
| 773 | 0 |
_w0 _tВісті Рівненщини _dРівне _d2003 _g№81/1 жовт./ |
|
| 650 | 7 |
_aКраєзнавча робота _2UDC |
|
| 999 |
_c300776 _d300776 |
||